<?xml version="1.0" encoding="UTF-8"?>
<record
    xmlns:xsi="http://www.w3.org/2001/XMLSchema-instance"
    xsi:schemaLocation="http://www.loc.gov/MARC21/slim http://www.loc.gov/standards/marcxml/schema/MARC21slim.xsd"
    xmlns="http://www.loc.gov/MARC21/slim">

  <leader>00374    a2200169   4500</leader>
  <controlfield tag="001">188783</controlfield>
  <datafield tag="020" ind1=" " ind2=" ">
    <subfield code="a">978-85-356-2491-5</subfield>
  </datafield>
  <datafield tag="040" ind1=" " ind2=" ">
    <subfield code="c">Magnum</subfield>
  </datafield>
  <datafield tag="100" ind1=" " ind2=" ">
    <subfield code="a">Arrabal, Jose</subfield>
  </datafield>
  <datafield tag="240" ind1="1" ind2="0">
    <subfield code="a">Da vinci das crian&#xE7;as</subfield>
    <subfield code="l">por</subfield>
  </datafield>
  <datafield tag="245" ind1="1" ind2="0">
    <subfield code="a">Da vinci das crian&#xE7;as</subfield>
  </datafield>
  <datafield tag="300" ind1=" " ind2=" ">
    <subfield code="a">295</subfield>
  </datafield>
  <datafield tag="362" ind1="0" ind2=" ">
    <subfield code="a">2009</subfield>
  </datafield>
  <datafield tag="440" ind1=" " ind2="1">
    <subfield code="a">Paulinas</subfield>
  </datafield>
  <datafield tag="697" ind1=" " ind2=" ">
    <subfield code="a">LITERATURA INFANTO-JUVENIL</subfield>
  </datafield>
  <datafield tag="942" ind1=" " ind2=" ">
    <subfield code="c">BK</subfield>
  </datafield>
  <datafield tag="952" ind1=" " ind2=" ">
    <subfield code="0">0</subfield>
    <subfield code="1">0</subfield>
    <subfield code="4">0</subfield>
    <subfield code="7">0</subfield>
    <subfield code="a">32.5</subfield>
    <subfield code="b">32.5</subfield>
    <subfield code="d">2024-06-08</subfield>
    <subfield code="l">0</subfield>
    <subfield code="o">869.2.806</subfield>
    <subfield code="p">MAG00062803</subfield>
    <subfield code="r">2024-06-08 21:13:34</subfield>
    <subfield code="w">2024-06-08</subfield>
    <subfield code="y">BK</subfield>
  </datafield>
  <datafield tag="952" ind1=" " ind2=" ">
    <subfield code="0">0</subfield>
    <subfield code="1">0</subfield>
    <subfield code="4">0</subfield>
    <subfield code="7">0</subfield>
    <subfield code="a">32.5</subfield>
    <subfield code="b">32.5</subfield>
    <subfield code="d">2024-06-08</subfield>
    <subfield code="l">0</subfield>
    <subfield code="o">869.2.806</subfield>
    <subfield code="p">MAG00062804</subfield>
    <subfield code="r">2024-06-08 21:13:34</subfield>
    <subfield code="w">2024-06-08</subfield>
    <subfield code="y">BK</subfield>
  </datafield>
  <datafield tag="952" ind1=" " ind2=" ">
    <subfield code="0">0</subfield>
    <subfield code="1">0</subfield>
    <subfield code="4">0</subfield>
    <subfield code="7">0</subfield>
    <subfield code="a">32.5</subfield>
    <subfield code="b">32.5</subfield>
    <subfield code="d">2024-06-08</subfield>
    <subfield code="l">0</subfield>
    <subfield code="o">869.2.806</subfield>
    <subfield code="p">MAG00062805</subfield>
    <subfield code="r">2024-06-08 21:13:34</subfield>
    <subfield code="w">2024-06-08</subfield>
    <subfield code="y">BK</subfield>
  </datafield>
  <datafield tag="952" ind1=" " ind2=" ">
    <subfield code="0">0</subfield>
    <subfield code="1">0</subfield>
    <subfield code="4">0</subfield>
    <subfield code="7">0</subfield>
    <subfield code="a">32.5</subfield>
    <subfield code="b">32.5</subfield>
    <subfield code="d">2024-06-08</subfield>
    <subfield code="l">0</subfield>
    <subfield code="o">869.2.806</subfield>
    <subfield code="p">MAG00062806</subfield>
    <subfield code="r">2024-06-08 21:13:34</subfield>
    <subfield code="w">2024-06-08</subfield>
    <subfield code="y">BK</subfield>
  </datafield>
  <datafield tag="952" ind1=" " ind2=" ">
    <subfield code="0">0</subfield>
    <subfield code="1">0</subfield>
    <subfield code="4">0</subfield>
    <subfield code="7">0</subfield>
    <subfield code="a">32.5</subfield>
    <subfield code="b">32.5</subfield>
    <subfield code="d">2024-06-08</subfield>
    <subfield code="l">0</subfield>
    <subfield code="o">869.2.806</subfield>
    <subfield code="p">MAG00062807</subfield>
    <subfield code="r">2024-06-08 21:13:34</subfield>
    <subfield code="w">2024-06-08</subfield>
    <subfield code="y">BK</subfield>
  </datafield>
  <datafield tag="952" ind1=" " ind2=" ">
    <subfield code="0">0</subfield>
    <subfield code="1">0</subfield>
    <subfield code="4">0</subfield>
    <subfield code="7">0</subfield>
    <subfield code="a">32.5</subfield>
    <subfield code="b">32.5</subfield>
    <subfield code="d">2024-06-08</subfield>
    <subfield code="l">0</subfield>
    <subfield code="o">869.2.806</subfield>
    <subfield code="p">MAG00062808</subfield>
    <subfield code="r">2024-06-08 21:13:34</subfield>
    <subfield code="w">2024-06-08</subfield>
    <subfield code="y">BK</subfield>
  </datafield>
  <datafield tag="952" ind1=" " ind2=" ">
    <subfield code="0">0</subfield>
    <subfield code="1">0</subfield>
    <subfield code="4">0</subfield>
    <subfield code="7">0</subfield>
    <subfield code="a">32.5</subfield>
    <subfield code="b">32.5</subfield>
    <subfield code="d">2024-06-08</subfield>
    <subfield code="l">0</subfield>
    <subfield code="o">869.2.806</subfield>
    <subfield code="p">MAG00062809</subfield>
    <subfield code="r">2024-06-08 21:13:34</subfield>
    <subfield code="w">2024-06-08</subfield>
    <subfield code="y">BK</subfield>
  </datafield>
  <datafield tag="952" ind1=" " ind2=" ">
    <subfield code="0">0</subfield>
    <subfield code="1">0</subfield>
    <subfield code="4">0</subfield>
    <subfield code="7">0</subfield>
    <subfield code="a">32.5</subfield>
    <subfield code="b">32.5</subfield>
    <subfield code="d">2024-06-08</subfield>
    <subfield code="l">0</subfield>
    <subfield code="o">869.2.806</subfield>
    <subfield code="p">MAG00062810</subfield>
    <subfield code="r">2024-06-08 21:13:34</subfield>
    <subfield code="w">2024-06-08</subfield>
    <subfield code="y">BK</subfield>
  </datafield>
  <datafield tag="952" ind1=" " ind2=" ">
    <subfield code="0">0</subfield>
    <subfield code="1">0</subfield>
    <subfield code="4">0</subfield>
    <subfield code="7">0</subfield>
    <subfield code="a">32.5</subfield>
    <subfield code="b">32.5</subfield>
    <subfield code="d">2024-06-08</subfield>
    <subfield code="l">0</subfield>
    <subfield code="o">869.2.806</subfield>
    <subfield code="p">MAG00062811</subfield>
    <subfield code="r">2024-06-08 21:13:34</subfield>
    <subfield code="w">2024-06-08</subfield>
    <subfield code="y">BK</subfield>
  </datafield>
  <datafield tag="952" ind1=" " ind2=" ">
    <subfield code="0">0</subfield>
    <subfield code="1">0</subfield>
    <subfield code="4">0</subfield>
    <subfield code="7">0</subfield>
    <subfield code="a">32.5</subfield>
    <subfield code="b">32.5</subfield>
    <subfield code="d">2024-06-08</subfield>
    <subfield code="l">0</subfield>
    <subfield code="o">869.2.806</subfield>
    <subfield code="p">MAG00062812</subfield>
    <subfield code="r">2024-06-08 21:13:35</subfield>
    <subfield code="w">2024-06-08</subfield>
    <subfield code="y">BK</subfield>
  </datafield>
  <datafield tag="952" ind1=" " ind2=" ">
    <subfield code="0">0</subfield>
    <subfield code="1">0</subfield>
    <subfield code="4">0</subfield>
    <subfield code="7">0</subfield>
    <subfield code="a">32.5</subfield>
    <subfield code="b">32.5</subfield>
    <subfield code="d">2024-06-08</subfield>
    <subfield code="l">0</subfield>
    <subfield code="o">869.2.806</subfield>
    <subfield code="p">MAG00062813</subfield>
    <subfield code="r">2024-06-08 21:13:35</subfield>
    <subfield code="w">2024-06-08</subfield>
    <subfield code="y">BK</subfield>
  </datafield>
  <datafield tag="952" ind1=" " ind2=" ">
    <subfield code="0">0</subfield>
    <subfield code="1">0</subfield>
    <subfield code="4">0</subfield>
    <subfield code="7">0</subfield>
    <subfield code="a">32.5</subfield>
    <subfield code="b">32.5</subfield>
    <subfield code="d">2024-06-08</subfield>
    <subfield code="l">0</subfield>
    <subfield code="o">869.2.806</subfield>
    <subfield code="p">MAG00062814</subfield>
    <subfield code="r">2024-06-08 21:13:35</subfield>
    <subfield code="w">2024-06-08</subfield>
    <subfield code="y">BK</subfield>
  </datafield>
  <datafield tag="952" ind1=" " ind2=" ">
    <subfield code="0">0</subfield>
    <subfield code="1">0</subfield>
    <subfield code="4">0</subfield>
    <subfield code="7">0</subfield>
    <subfield code="a">32.5</subfield>
    <subfield code="b">32.5</subfield>
    <subfield code="d">2024-06-08</subfield>
    <subfield code="l">0</subfield>
    <subfield code="o">869.2.806</subfield>
    <subfield code="p">MAG00062815</subfield>
    <subfield code="r">2024-06-08 21:13:35</subfield>
    <subfield code="w">2024-06-08</subfield>
    <subfield code="y">BK</subfield>
  </datafield>
  <datafield tag="952" ind1=" " ind2=" ">
    <subfield code="0">0</subfield>
    <subfield code="1">0</subfield>
    <subfield code="4">0</subfield>
    <subfield code="7">0</subfield>
    <subfield code="a">32.5</subfield>
    <subfield code="b">32.5</subfield>
    <subfield code="d">2024-06-08</subfield>
    <subfield code="l">0</subfield>
    <subfield code="o">869.2.806</subfield>
    <subfield code="p">MAG00062816</subfield>
    <subfield code="r">2024-06-08 21:13:35</subfield>
    <subfield code="w">2024-06-08</subfield>
    <subfield code="y">BK</subfield>
  </datafield>
  <datafield tag="952" ind1=" " ind2=" ">
    <subfield code="0">0</subfield>
    <subfield code="1">0</subfield>
    <subfield code="4">0</subfield>
    <subfield code="7">0</subfield>
    <subfield code="a">32.5</subfield>
    <subfield code="b">32.5</subfield>
    <subfield code="d">2024-06-08</subfield>
    <subfield code="l">0</subfield>
    <subfield code="o">869.2.806</subfield>
    <subfield code="p">MAG00062817</subfield>
    <subfield code="r">2024-06-08 21:13:35</subfield>
    <subfield code="w">2024-06-08</subfield>
    <subfield code="y">BK</subfield>
  </datafield>
  <datafield tag="952" ind1=" " ind2=" ">
    <subfield code="0">0</subfield>
    <subfield code="1">0</subfield>
    <subfield code="4">0</subfield>
    <subfield code="7">0</subfield>
    <subfield code="a">32.5</subfield>
    <subfield code="b">32.5</subfield>
    <subfield code="d">2024-06-08</subfield>
    <subfield code="l">0</subfield>
    <subfield code="o">869.2.806</subfield>
    <subfield code="p">MAG00062818</subfield>
    <subfield code="r">2024-06-08 21:13:35</subfield>
    <subfield code="w">2024-06-08</subfield>
    <subfield code="y">BK</subfield>
  </datafield>
  <datafield tag="952" ind1=" " ind2=" ">
    <subfield code="0">0</subfield>
    <subfield code="1">0</subfield>
    <subfield code="4">0</subfield>
    <subfield code="7">0</subfield>
    <subfield code="a">32.5</subfield>
    <subfield code="b">32.5</subfield>
    <subfield code="d">2024-06-08</subfield>
    <subfield code="l">0</subfield>
    <subfield code="o">869.2.806</subfield>
    <subfield code="p">MAG00062819</subfield>
    <subfield code="r">2024-06-08 21:13:35</subfield>
    <subfield code="w">2024-06-08</subfield>
    <subfield code="y">BK</subfield>
  </datafield>
  <datafield tag="952" ind1=" " ind2=" ">
    <subfield code="0">0</subfield>
    <subfield code="1">0</subfield>
    <subfield code="4">0</subfield>
    <subfield code="7">0</subfield>
    <subfield code="a">32.5</subfield>
    <subfield code="b">32.5</subfield>
    <subfield code="d">2024-06-08</subfield>
    <subfield code="l">0</subfield>
    <subfield code="o">869.2.806</subfield>
    <subfield code="p">MAG00062820</subfield>
    <subfield code="r">2024-06-08 21:13:35</subfield>
    <subfield code="w">2024-06-08</subfield>
    <subfield code="y">BK</subfield>
  </datafield>
  <datafield tag="952" ind1=" " ind2=" ">
    <subfield code="0">0</subfield>
    <subfield code="1">0</subfield>
    <subfield code="4">0</subfield>
    <subfield code="7">0</subfield>
    <subfield code="a">32.5</subfield>
    <subfield code="b">32.5</subfield>
    <subfield code="d">2024-06-08</subfield>
    <subfield code="l">0</subfield>
    <subfield code="o">869.2.806</subfield>
    <subfield code="p">MAG00062821</subfield>
    <subfield code="r">2024-06-08 21:13:35</subfield>
    <subfield code="w">2024-06-08</subfield>
    <subfield code="y">BK</subfield>
  </datafield>
  <datafield tag="952" ind1=" " ind2=" ">
    <subfield code="0">0</subfield>
    <subfield code="1">0</subfield>
    <subfield code="4">0</subfield>
    <subfield code="7">0</subfield>
    <subfield code="a">32.5</subfield>
    <subfield code="b">32.5</subfield>
    <subfield code="d">2024-06-08</subfield>
    <subfield code="l">0</subfield>
    <subfield code="o">869.2.806</subfield>
    <subfield code="p">MAG00062822</subfield>
    <subfield code="r">2024-06-08 21:13:35</subfield>
    <subfield code="w">2024-06-08</subfield>
    <subfield code="y">BK</subfield>
  </datafield>
  <datafield tag="952" ind1=" " ind2=" ">
    <subfield code="0">0</subfield>
    <subfield code="1">0</subfield>
    <subfield code="4">0</subfield>
    <subfield code="7">0</subfield>
    <subfield code="a">32.5</subfield>
    <subfield code="b">32.5</subfield>
    <subfield code="d">2024-06-08</subfield>
    <subfield code="l">0</subfield>
    <subfield code="o">869.2.806</subfield>
    <subfield code="p">MAG00062823</subfield>
    <subfield code="r">2024-06-08 21:13:35</subfield>
    <subfield code="w">2024-06-08</subfield>
    <subfield code="y">BK</subfield>
  </datafield>
  <datafield tag="952" ind1=" " ind2=" ">
    <subfield code="0">0</subfield>
    <subfield code="1">0</subfield>
    <subfield code="4">0</subfield>
    <subfield code="7">0</subfield>
    <subfield code="a">32.5</subfield>
    <subfield code="b">32.5</subfield>
    <subfield code="d">2024-06-08</subfield>
    <subfield code="l">0</subfield>
    <subfield code="o">869.2.806</subfield>
    <subfield code="p">MAG00062824</subfield>
    <subfield code="r">2024-06-08 21:13:35</subfield>
    <subfield code="w">2024-06-08</subfield>
    <subfield code="y">BK</subfield>
  </datafield>
  <datafield tag="952" ind1=" " ind2=" ">
    <subfield code="0">0</subfield>
    <subfield code="1">0</subfield>
    <subfield code="4">0</subfield>
    <subfield code="7">0</subfield>
    <subfield code="a">32.5</subfield>
    <subfield code="b">32.5</subfield>
    <subfield code="d">2024-06-08</subfield>
    <subfield code="l">0</subfield>
    <subfield code="o">869.2.806</subfield>
    <subfield code="p">MAG00062825</subfield>
    <subfield code="r">2024-06-08 21:13:35</subfield>
    <subfield code="w">2024-06-08</subfield>
    <subfield code="y">BK</subfield>
  </datafield>
  <datafield tag="952" ind1=" " ind2=" ">
    <subfield code="0">0</subfield>
    <subfield code="1">0</subfield>
    <subfield code="4">0</subfield>
    <subfield code="7">0</subfield>
    <subfield code="a">32.5</subfield>
    <subfield code="b">32.5</subfield>
    <subfield code="d">2024-06-08</subfield>
    <subfield code="l">0</subfield>
    <subfield code="o">869.2.806</subfield>
    <subfield code="p">MAG00062826</subfield>
    <subfield code="r">2024-06-08 21:13:35</subfield>
    <subfield code="w">2024-06-08</subfield>
    <subfield code="y">BK</subfield>
  </datafield>
  <datafield tag="952" ind1=" " ind2=" ">
    <subfield code="0">0</subfield>
    <subfield code="1">0</subfield>
    <subfield code="4">0</subfield>
    <subfield code="7">0</subfield>
    <subfield code="a">32.5</subfield>
    <subfield code="b">32.5</subfield>
    <subfield code="d">2024-06-08</subfield>
    <subfield code="l">0</subfield>
    <subfield code="o">869.2.806</subfield>
    <subfield code="p">MAG00062827</subfield>
    <subfield code="r">2024-06-08 21:13:35</subfield>
    <subfield code="w">2024-06-08</subfield>
    <subfield code="y">BK</subfield>
  </datafield>
  <datafield tag="952" ind1=" " ind2=" ">
    <subfield code="0">0</subfield>
    <subfield code="1">0</subfield>
    <subfield code="4">0</subfield>
    <subfield code="7">0</subfield>
    <subfield code="a">32.5</subfield>
    <subfield code="b">32.5</subfield>
    <subfield code="d">2024-06-08</subfield>
    <subfield code="l">0</subfield>
    <subfield code="o">869.2.806</subfield>
    <subfield code="p">MAG00062828</subfield>
    <subfield code="r">2024-06-08 21:13:35</subfield>
    <subfield code="w">2024-06-08</subfield>
    <subfield code="y">BK</subfield>
  </datafield>
  <datafield tag="952" ind1=" " ind2=" ">
    <subfield code="0">0</subfield>
    <subfield code="1">0</subfield>
    <subfield code="4">0</subfield>
    <subfield code="7">0</subfield>
    <subfield code="a">32.5</subfield>
    <subfield code="b">32.5</subfield>
    <subfield code="d">2024-06-08</subfield>
    <subfield code="l">0</subfield>
    <subfield code="o">869.2.806</subfield>
    <subfield code="p">MAG00062829</subfield>
    <subfield code="r">2024-06-08 21:13:35</subfield>
    <subfield code="w">2024-06-08</subfield>
    <subfield code="y">BK</subfield>
  </datafield>
  <datafield tag="952" ind1=" " ind2=" ">
    <subfield code="0">0</subfield>
    <subfield code="1">0</subfield>
    <subfield code="4">0</subfield>
    <subfield code="7">0</subfield>
    <subfield code="a">32.5</subfield>
    <subfield code="b">32.5</subfield>
    <subfield code="d">2024-06-08</subfield>
    <subfield code="l">0</subfield>
    <subfield code="o">869.2.806</subfield>
    <subfield code="p">MAG00062830</subfield>
    <subfield code="r">2024-06-08 21:13:35</subfield>
    <subfield code="w">2024-06-08</subfield>
    <subfield code="y">BK</subfield>
  </datafield>
  <datafield tag="952" ind1=" " ind2=" ">
    <subfield code="0">0</subfield>
    <subfield code="1">0</subfield>
    <subfield code="4">0</subfield>
    <subfield code="7">0</subfield>
    <subfield code="a">32.5</subfield>
    <subfield code="b">32.5</subfield>
    <subfield code="d">2024-06-08</subfield>
    <subfield code="l">0</subfield>
    <subfield code="o">869.2.806</subfield>
    <subfield code="p">MAG00062831</subfield>
    <subfield code="r">2024-06-08 21:13:35</subfield>
    <subfield code="w">2024-06-08</subfield>
    <subfield code="y">BK</subfield>
  </datafield>
  <datafield tag="952" ind1=" " ind2=" ">
    <subfield code="0">0</subfield>
    <subfield code="1">0</subfield>
    <subfield code="4">0</subfield>
    <subfield code="7">0</subfield>
    <subfield code="a">32.5</subfield>
    <subfield code="b">32.5</subfield>
    <subfield code="d">2024-06-08</subfield>
    <subfield code="l">0</subfield>
    <subfield code="o">869.2.806</subfield>
    <subfield code="p">MAG00062832</subfield>
    <subfield code="r">2024-06-08 21:13:35</subfield>
    <subfield code="w">2024-06-08</subfield>
    <subfield code="y">BK</subfield>
  </datafield>
  <datafield tag="952" ind1=" " ind2=" ">
    <subfield code="0">0</subfield>
    <subfield code="1">0</subfield>
    <subfield code="4">0</subfield>
    <subfield code="7">0</subfield>
    <subfield code="a">32.5</subfield>
    <subfield code="b">32.5</subfield>
    <subfield code="d">2024-06-08</subfield>
    <subfield code="l">0</subfield>
    <subfield code="o">869.2.806</subfield>
    <subfield code="p">MAG00062833</subfield>
    <subfield code="r">2024-06-08 21:13:35</subfield>
    <subfield code="w">2024-06-08</subfield>
    <subfield code="y">BK</subfield>
  </datafield>
  <datafield tag="952" ind1=" " ind2=" ">
    <subfield code="0">0</subfield>
    <subfield code="1">0</subfield>
    <subfield code="4">0</subfield>
    <subfield code="7">0</subfield>
    <subfield code="a">32.5</subfield>
    <subfield code="b">32.5</subfield>
    <subfield code="d">2024-06-08</subfield>
    <subfield code="l">0</subfield>
    <subfield code="o">869.2.806</subfield>
    <subfield code="p">MAG00062834</subfield>
    <subfield code="r">2024-06-08 21:13:35</subfield>
    <subfield code="w">2024-06-08</subfield>
    <subfield code="y">BK</subfield>
  </datafield>
  <datafield tag="952" ind1=" " ind2=" ">
    <subfield code="0">0</subfield>
    <subfield code="1">0</subfield>
    <subfield code="4">0</subfield>
    <subfield code="7">0</subfield>
    <subfield code="a">32.5</subfield>
    <subfield code="b">32.5</subfield>
    <subfield code="d">2024-06-08</subfield>
    <subfield code="l">0</subfield>
    <subfield code="o">869.2.806</subfield>
    <subfield code="p">MAG00062835</subfield>
    <subfield code="r">2024-06-08 21:13:35</subfield>
    <subfield code="w">2024-06-08</subfield>
    <subfield code="y">BK</subfield>
  </datafield>
  <datafield tag="952" ind1=" " ind2=" ">
    <subfield code="0">0</subfield>
    <subfield code="1">0</subfield>
    <subfield code="4">0</subfield>
    <subfield code="7">0</subfield>
    <subfield code="a">32.5</subfield>
    <subfield code="b">32.5</subfield>
    <subfield code="d">2024-06-08</subfield>
    <subfield code="l">0</subfield>
    <subfield code="o">869.2.806</subfield>
    <subfield code="p">MAG00062836</subfield>
    <subfield code="r">2024-06-08 21:13:35</subfield>
    <subfield code="w">2024-06-08</subfield>
    <subfield code="y">BK</subfield>
  </datafield>
  <datafield tag="952" ind1=" " ind2=" ">
    <subfield code="0">0</subfield>
    <subfield code="1">0</subfield>
    <subfield code="4">0</subfield>
    <subfield code="7">0</subfield>
    <subfield code="a">32.5</subfield>
    <subfield code="b">32.5</subfield>
    <subfield code="d">2024-06-08</subfield>
    <subfield code="l">0</subfield>
    <subfield code="o">869.2.806</subfield>
    <subfield code="p">MAG00062837</subfield>
    <subfield code="r">2024-06-08 21:13:35</subfield>
    <subfield code="w">2024-06-08</subfield>
    <subfield code="y">BK</subfield>
  </datafield>
  <datafield tag="952" ind1=" " ind2=" ">
    <subfield code="0">0</subfield>
    <subfield code="1">0</subfield>
    <subfield code="4">0</subfield>
    <subfield code="7">0</subfield>
    <subfield code="a">32.5</subfield>
    <subfield code="b">32.5</subfield>
    <subfield code="d">2024-06-08</subfield>
    <subfield code="l">0</subfield>
    <subfield code="o">869.2.806</subfield>
    <subfield code="p">MAG00062838</subfield>
    <subfield code="r">2024-06-08 21:13:35</subfield>
    <subfield code="w">2024-06-08</subfield>
    <subfield code="y">BK</subfield>
  </datafield>
  <datafield tag="952" ind1=" " ind2=" ">
    <subfield code="0">0</subfield>
    <subfield code="1">0</subfield>
    <subfield code="4">0</subfield>
    <subfield code="7">0</subfield>
    <subfield code="a">32.5</subfield>
    <subfield code="b">32.5</subfield>
    <subfield code="d">2024-06-08</subfield>
    <subfield code="l">0</subfield>
    <subfield code="o">869.2.806</subfield>
    <subfield code="p">MAG00062839</subfield>
    <subfield code="r">2024-06-08 21:13:36</subfield>
    <subfield code="w">2024-06-08</subfield>
    <subfield code="y">BK</subfield>
  </datafield>
  <datafield tag="952" ind1=" " ind2=" ">
    <subfield code="0">0</subfield>
    <subfield code="1">0</subfield>
    <subfield code="4">0</subfield>
    <subfield code="7">0</subfield>
    <subfield code="a">32.5</subfield>
    <subfield code="b">32.5</subfield>
    <subfield code="d">2024-06-08</subfield>
    <subfield code="l">0</subfield>
    <subfield code="o">869.2.806</subfield>
    <subfield code="p">MAG00062840</subfield>
    <subfield code="r">2024-06-08 21:13:36</subfield>
    <subfield code="w">2024-06-08</subfield>
    <subfield code="y">BK</subfield>
  </datafield>
  <datafield tag="952" ind1=" " ind2=" ">
    <subfield code="0">0</subfield>
    <subfield code="1">0</subfield>
    <subfield code="4">0</subfield>
    <subfield code="7">0</subfield>
    <subfield code="a">32.5</subfield>
    <subfield code="b">32.5</subfield>
    <subfield code="d">2024-06-08</subfield>
    <subfield code="l">0</subfield>
    <subfield code="o">869.2.806</subfield>
    <subfield code="p">MAG00062841</subfield>
    <subfield code="r">2024-06-08 21:13:36</subfield>
    <subfield code="w">2024-06-08</subfield>
    <subfield code="y">BK</subfield>
  </datafield>
  <datafield tag="952" ind1=" " ind2=" ">
    <subfield code="0">0</subfield>
    <subfield code="1">0</subfield>
    <subfield code="4">0</subfield>
    <subfield code="7">0</subfield>
    <subfield code="a">32.5</subfield>
    <subfield code="b">32.5</subfield>
    <subfield code="d">2024-06-08</subfield>
    <subfield code="l">0</subfield>
    <subfield code="o">869.2.806</subfield>
    <subfield code="p">MAG00062842</subfield>
    <subfield code="r">2024-06-08 21:13:36</subfield>
    <subfield code="w">2024-06-08</subfield>
    <subfield code="y">BK</subfield>
  </datafield>
  <datafield tag="952" ind1=" " ind2=" ">
    <subfield code="0">0</subfield>
    <subfield code="1">0</subfield>
    <subfield code="4">0</subfield>
    <subfield code="7">0</subfield>
    <subfield code="a">32.5</subfield>
    <subfield code="b">32.5</subfield>
    <subfield code="d">2024-06-08</subfield>
    <subfield code="l">0</subfield>
    <subfield code="o">869.2.806</subfield>
    <subfield code="p">MAG00062843</subfield>
    <subfield code="r">2024-06-08 21:13:36</subfield>
    <subfield code="w">2024-06-08</subfield>
    <subfield code="y">BK</subfield>
  </datafield>
  <datafield tag="999" ind1=" " ind2=" ">
    <subfield code="c">188783</subfield>
    <subfield code="d">188783</subfield>
  </datafield>
</record>
